00654 a2200181 450000500170000005000200001710000200003724500930005726400890015030000290023933600270026833700280029533800270032350400300035065000170038065000220039770000530041920250508101122.000aTD403bKRU 19701 aKruseman, G. P.10aAnalysis and evaluation of pumping test datac[by] G. P. Kruseman [and] N. A. De Ridder. aNetherlands :bInternational Institute for land reclamation and development,cC.1970 a200 pagesbillustrations 2rdacontentatextbtyxt 2rdamediaaunmediatedbn 2rdacarrieravolumebnc aBibliography: p. 185-187. 0aGroundwater. 0aGroundwater flow.1 aRidder, N. A. Deq(Nicolaas Arie)ejoint author.